000 01801nab a2200289 a 4500
005 20250806160755.0
008 991125c2015 sp fr p o 000 0 spa d
035 _aUPN01000209320
040 _a MX-MxUPN
_bspa
_c MX-MxUPN
_eaacr2
049 _aART-E
100 1 _aJerez Martínez, Isabel
100 1 _uIsabel.jerezmartinez@uclm.es
100 1 _aHernández Delgado, Lourdes
100 1 _uLourdes.hernandez@um.es
245 1 3 _aLa literatura infantil y el sistema social de representación de ideas: el caso de las fábulas y los cuentos de James Finn Garner
506 0 _aAcceso abierto
520 3 _aLa intención de este artículo tiene que ver con la elaboración políticamente correcta que James Finn Garner realiza tanto de cuentos clásicos como de fábulas. Desde esta aportación pretendemos abordar dos aspectos, el primero centrado en el análisis de significado apreciando cómo puede afectar la alteración de las historias a la percepción y construcción social que las personas hacen de su realidad en el siglo XXI, y el segundo orientado al estudio de lo estructural, observando cómo Garner (1995), autor objeto de nuestro estudio, modifica las aportaciones clásicas referidas a los actantes (i.e. Propp) y dota a los mismos de una función y sentido diferentes. Ambos análisis nos proporcionarán las respuestas a las preguntas formuladas en esta propuesta.
650 4 _aLiteratura infantil
_94445
650 4 _aCuentos
_93090
653 0 _aEducación infantil
653 0 _aImaginario
773 _gVol. 30, no. 2 (2015), p. 123-135
_tEnsayos : revista de la Facultad de Educación de Albacete
_x2171-9098
856 4 _uhttps://revista.uclm.es/index.php/ensayos/article/view/657
902 _aGloria Jiménez/060825
905 _aArticulo
942 _cART-E
999 _c181421
_d181421